Creative Vouchers As a Support Tool for the Creative Industry in the Slovak Republic

Na minha lista:
Detalhes bibliográficos
Autor principal: Raková, Monika, 1991-
Formato: Capítulo de Livro
Idioma:inglês
Tags: Adicionar Tag
Sem tags, seja o primeiro a adicionar uma tag!

MARC

LEADER 00000naa$a2200000$$$4500
001 0271526
005 20240502074258.0
041 0 |a eng 
044 |a SK 
245 1 0 |a Creative Vouchers As a Support Tool for the Creative Industry in the Slovak Republic  |c Monika Raková 
100 1 |a Raková, Monika, 1991-